000
00219nam a2200085Ia 4500
008
120527s9999 xx 000 0 und d
100
_a
ADAMU,O.Samuel.
245
_a
National Accounting in adeveloping country.
942
_c
BK
999
_c
23829
_d
23829